000 00261nam a22001217a 4500
008 171222b xxu||||| |||| 00| 0 eng d
041 _aeng
080 _a159.9
100 _a50
101 _aPSI
245 _aPSYCHOLOGY APPLIED
_cPAUL.M.,M
942 _2udc
_cBK
999 _c39353
_d39353